000 00550nam a22001697a 4500
005 20260426020007.0
008 260404b |||||||| |||| 00| 0 eng d
020 _a9789354661075
040 _cSGVU
_dSGVU
082 _222
_a631.523
_bSER O
100 _aSengar RS and Amit Kumar
_939979
245 _aObjective Biotechnology for Competitive Examinations
_hEnglish
250 _a2
260 _aNew Delhi
_bCBS Publisher & Book Distributors
_c2023
650 _aObjective Biotechnology
_zIndia
_939980
942 _2ddc
_cBOOKS
_e2
_h2
_k631.523 SER O
_01
999 _c90132
_d90132